[Event "SVK-ch U18/20"]
[Site "Tatralandia"]
[Date "2025.05.13"]
[Round "3"]
[White "Sivicek, David"]
[Black "Rebro, Damian"]
[Result "1/2-1/2"]
[WhiteElo "1000"]
[BlackElo "1797"]
[PlyCount "45"]
[EventDate "2025.05.11"]
[EventType "swiss"]
[EventRounds "9"]
[EventCountry "SVK"]
[SourceTitle "CB21_2025"]
[SourceDate "2025.05.21"]
[SourceVersion "1"]
[SourceVersionDate "2025.05.21"]
[SourceQuality "1"]

1. d4 Nf6 2. Bf4 g6 3. Nf3 Bg7 4. e3 0-0 5. Bd3 d6 6. c3 Nc6 7. Qc2 Re8 8. Nbd2 a5 9. h3 e5 10. dxe5 dxe5 11. Bh2 Qe7 12. Bb5 e4 13. Nd4 Nxd4 14. cxd4 c6 15. Be2 Nd5 16. a3 Bd7 17. Nc4 b5 18. Ne5 Qe6 19. Nxd7 Qxd7 20. Rc1 Rac8 21. Bg4 f5 22. Be2 a4 23. 0-0 1/2-1/2

[Event "SVK-ch U18/20"]
[Site "Tatralandia"]
[Date "2025.05.12"]
[Round "2"]
[White "Sulik, Adrian"]
[Black "Sivicek, David"]
[Result "1/2-1/2"]
[WhiteElo "1759"]
[BlackElo "1000"]
[PlyCount "76"]
[EventDate "2025.05.11"]
[EventType "swiss"]
[EventRounds "9"]
[EventCountry "SVK"]
[SourceTitle "CB21_2025"]
[SourceDate "2025.05.21"]
[SourceVersion "1"]
[SourceVersionDate "2025.05.21"]
[SourceQuality "1"]

1. d4 d5 2. c4 e6 3. Nc3 Nc6 4. Nf3 Bd6 5. cxd5 exd5 6. Qb3 Bb4 7. a3 Bxc3+ 8. bxc3 Nf6 9. Bg5 Na5 10. Qa4+ c6 11. Bxf6 gxf6 12. e3 Bf5 13. Nh4 Bg6 14. Nxg6 fxg6 15. Bd3 Qc7 16. Rb1 b5 17. Qc2 f5 18. a4 a6 19. 0-0 Qd6 20. Rb2 0-0 21. Ra1 Nc4 22. Rba2 Nb6 23. axb5 axb5 24. Rxa8 Nxa8 25. Qb2 Rb8 26. Ra6 Nc7 27. Ra7 b4 28. c4 dxc4 29. Bxc4+ Nd5 30. Ra5 Kg7 31. Bxd5 cxd5 32. Qb3 Rc8 33. g3 Rc3 34. Qxd5 Qxd5 35. Rxd5 Rc1+ 36. Kg2 b3 37. Rb5 Rb1 38. Kf3 Kf6 1/2-1/2